| 000 | 01957nam a2200445 a 4500 | ||
|---|---|---|---|
| 003 | BLK | ||
| 005 | 20250527113706.0 | ||
| 008 | 180409b bul|||||r ||||||| ||bul|| | ||
| 010 | _aKNG00143772000 | ||
| 020 | _a978-954-491-713-5 | ||
| 040 | _aBLK | ||
| 041 |
_aBUL _cBUL |
||
| 080 |
_aМузиканти-творци, композитори _b78.071.1 _x(497.2)(092) _z78.071.1(497.2)(092) |
||
| 080 |
_aБългарски композитор _b929 Цанков, Йосиф Иванов _z929 Цанков, Йосиф Иванов |
||
| 100 | 1 |
_aВелева, Валерия Веселинова _eпърви автор _9305126 |
|
| 139 |
_aВелева, Валерия Веселинова _bЦ 17 |
||
| 245 | 1 | 0 |
_aНепознатият Йожи или Принцът на любовта _cВалерия Веселинова Велева; ред. Виктор Исак Самуилов. |
| 257 | _aBGR | ||
| 260 |
_aСофия _bЖанет 45 _c2011 |
||
| 300 |
_a384 с. _bс портр., факс. _c20 см |
||
| 380 | _a7 | ||
| 500 | _aИмето на ред. отбелязано на гърба на загл. с. Живот като балада / Румяна Каракостова: с. 9-11 | ||
| 504 | _aБиблиогр.: с. 381-383 | ||
| 600 | 1 | 4 |
_aЦанков, Йосиф Иванов _9315191 |
| 650 | 4 |
_aКомпозитори, български - биографии _9261390 |
|
| 650 | 4 |
_aЦанков, Йосиф Иванов _9315191 |
|
| 651 | 4 |
_aБългария _9241624 |
|
| 653 | _aбългарски композитори | ||
| 653 | _aЙосиф Цанков | ||
| 653 |
_aрусенци _9195878 |
||
| 700 | 1 |
_aСамуилов, Виктор Исак _eред. _9370377 |
|
| 852 | _aЦб 259778 | ||
| 852 | _aК 78/Ц 17 | ||
| 856 | 4 | _qpdf | |
| 856 | 4 | _qpdf | |
| 942 |
_cKNG _n0 _s1 _05 |
||
| 944 |
_aCR _c10.06.2013 _k30529 _lДиана Гривева |
||
| 999 |
_c137795 _d137795 |
||
| 999 | _d137795 | ||
| 999 | _d137795 | ||